|
|
|
|
| LEADER |
00000nam a2200000 a 4500 |
| 005 |
20150622190930.0 |
| 007 |
cr|||| |||| |
| 008 |
140603s2014 spc 000 0 spa c |
| 017 |
|
|
|a DL B. 10997-2014
|b Biblioteca de Catalunya
|
| 020 |
|
|
|a 9788415260868
|
| 035 |
|
|
|a 12739
|
| 040 |
|
|
|d vLex
|
| 080 |
|
|
|a 343.222.2
|
| 090 |
|
|
|c 5465
|d 5465
|
| 100 |
1 |
|
|a Cabezas Salmern̤, Jordi
|
| 245 |
1 |
3 |
|a La Culpabilidad dolosa como resultante de condicionamientos socioculturales
|h [Recurso electrn̤ico] :
|b puesta en evidencia y crt̕ica de una omisin̤ : la no consideracin̤ de los condicionantes socioculturales y econm̤icos del justiciable en la determinacin̤ de su culpabilidad /
|c Jordi Cabezas Salmern̤ ; presentacin̤ de Roberto Bergalli
|
| 256 |
|
|
|a Servicio en ln̕ea
|
| 260 |
|
|
|a Barcelona :
|b Anthropos :
|b OSPHD, Observatori del Sistema Penal i els Drets Humans de la Universitat de Barcelona,
|c 2014
|
| 300 |
|
|
|a X, 292 p. ;
|b 1 recurso electrn̤ico
|
| 490 |
1 |
|
|a Autores, textos y temas. Ciencias sociales ;
|v 88.
|a Utopa̕s del control y control de las utopa̕s
|
| 504 |
|
|
|a Bibliografia p. 285-288. Notas
|
| 506 |
|
|
|a Contenido disponible en los productos indicados
|d vLex Global
|d vLex Global (Academic Edition, excluding Law Schools)
|d vLex Global (U.S. Academic Edition, Law Schools)
|d vLex Global (U.S. Academic Edition, excluding Law Schools)
|d vLex Global (Academic Edition, Law Schools)
|
| 650 |
0 |
4 |
|a Delicuentes
|
| 650 |
0 |
4 |
|a Culpa jurd̕ica
|
| 650 |
0 |
4 |
|a Criminologa̕
|
| 650 |
0 |
4 |
|a Condicions socials
|
| 650 |
0 |
4 |
|a Condiciones econm̤icas
|
| 650 |
0 |
4 |
|a Culpa jurd̕ica
|
| 650 |
0 |
4 |
|a Delincuentes
|x Condiciones sociales
|
| 650 |
0 |
4 |
|a Delincuentes
|x Condiciones econm̤icas
|
| 710 |
2 |
|
|a Observatori del Sistema Penal i els Drets Humans
|
| 740 |
0 |
|
|a vLex Libros (Servicio en ln̕ea)
|
| 830 |
|
0 |
|a Autores, textos y temas.
|p Ciencias sociales ;
|v 88
|
| 830 |
|
0 |
|a Autores, textos y temas.
|p Ciencias sociales.
|p Utopa̕s del control y control de las utopa̕s
|
| 856 |
4 |
0 |
|u http://vlex.com/source/culpabilidad-dolosa-como-resultante-de-condicionamientos-socioculturales-12739
|z Acceso restringido
|
| 942 |
|
|
|c BOOK
|
| 999 |
0 |
|
|a Crime
|
| 999 |
0 |
|
|a Guilt (Law)
|
| 999 |
0 |
|
|a Criminology
|